Kibarkanlah pandji Angkatan '66! (Record no. 87068)

MARC details
000 -LEADER
fixed length control field 00538cam a22001931 4500
001 - CONTROL NUMBER
control field sa 68016398
003 - CONTROL NUMBER IDENTIFIER
control field DLC
005 - DATE AND TIME OF LATEST TRANSACTION
control field 20260227112654.0
008 - FIXED-LENGTH DATA ELEMENTS--GENERAL INFORMATION
fixed length control field 720711s1966 io 000 0 ind
010 ## - LIBRARY OF CONGRESS CONTROL NUMBER
LC control number sa 68016398
035 ## - SYSTEM CONTROL NUMBER
System control number (OCoLC)352082
040 ## - CATALOGING SOURCE
Original cataloging agency DLC
Transcribing agency OAU
Modifying agency OCoLC
-- DLC
042 ## - AUTHENTICATION CODE
Authentication code premarc
050 00 - LIBRARY OF CONGRESS CALL NUMBER
Classification number DS644.1.N3
Item number A55
100 1# - MAIN ENTRY--PERSONAL NAME
Personal name Nasution, Abdul Haris,
Dates associated with a name 1918-2000.
245 00 - TITLE STATEMENT
Title Kibarkanlah pandji Angkatan '66!
Statement of responsibility, etc. Kumpulan sambutan/tjeramah A. H. Nasution.
260 ## - PUBLICATION, DISTRIBUTION, ETC.
Place of publication, distribution, etc. [Djakarta,
Date of publication, distribution, etc. 1966]
300 ## - PHYSICAL DESCRIPTION
Extent 54 p.
Dimensions 21 cm.

No items available.

Powered by Koha